Proyectos industriales

Guardado en:
Bibliografiske detaljer
Hovedforfatter: Caldas, Fernando
Andre forfattere: Pando, Felix
Format: Bog
Udgivet: San José, Costa Rica : Universidad de Costa Rica, Escuela de Ingeniería 1966
Fag:
Tags: Tilføj Tag
Ingen Tags, Vær først til at tagge denne postø!

MARC

LEADER 00000nam a2200000Ia 4500
003 000641
005 20221231143953.0
008 140114s1966 c a 000 ||s d
040 |c cru CEDI 
082 |a  658.542 C145p 
100 |a Caldas, Fernando  |9 18523 
245 |a Proyectos industriales 
260 |a  San José, Costa Rica : Universidad de Costa Rica, Escuela de Ingeniería  |c 1966 
300 |a  vii, 163 páginas : ilustraciones 
500 |a  Reimpresiones: 1974.  
648 |x ADMINISTRACION INDUSTRIAL  |9 18525 
700 |9 18524  |a  Pando, Felix 
942 |2 ddc  |c BK 
999 |c 14992  |d 14992